DIGITAL ELECTRONICS AND MICROPROCESSORS, PROBLEMS AND SOLUTIONS (Record no. 574401)
[ view plain ]
| 000 -LEADER | |
|---|---|
| fixed length control field | 00326nam a22001217a 4500 |
| 020 ## - INTERNATIONAL STANDARD BOOK NUMBER | |
| International Standard Book Number | 0-07-451701-5 |
| 082 ## - DEWEY DECIMAL CLASSIFICATION NUMBER | |
| Classification number | 621.38153 JAI'D |
| 100 ## - MAIN ENTRY--PERSONAL NAME | |
| Personal name | JAIN, R. P |
| 9 (RLIN) | 61974 |
| 245 ## - TITLE STATEMENT | |
| Title | DIGITAL ELECTRONICS AND MICROPROCESSORS, PROBLEMS AND SOLUTIONS |
| 260 ## - PUBLICATION, DISTRIBUTION, ETC. | |
| Place of publication, distribution, etc. | NEWDELHI |
| Name of publisher, distributor, etc. | TATA MCGRAW HILL |
| Date of publication, distribution, etc. | 1987 |
| 300 ## - PHYSICAL DESCRIPTION | |
| Extent | IX, 524P |
| 942 ## - ADDED ENTRY ELEMENTS (KOHA) | |
| Koha item type | Book |
| Withdrawn status | Lost status | Damaged status | Not for loan | Permanent Location | Current Location | Shelving location | Date acquired | Total Checkouts | Full call number | Barcode | Date last seen | Price effective from | Koha item type |
|---|---|---|---|---|---|---|---|---|---|---|---|---|---|
| College of Electrical & Mechanical Engineering (CEME) | College of Electrical & Mechanical Engineering (CEME) | General Stacks | 07/31/2017 | 621.38153 JAI'D | CEME-22714 | 06/28/2021 | 06/28/2021 | Book |
